000 00497nam a2200181Ia 4500
005 20250317123446.0
008 008 250317s9999 xx 000 0 eng d
037 _aTextbook
040 _aFMSL
_beng
_cFMSL
041 _aeng
_2eng
084 _aD658(B) L2
_qFMSL
100 _aGilles D C
_9740359
245 0 _aComputer & business
260 _aNew Delhi
_bNew Delhi, W Foulshan
_c1972
300 _a173p
942 _cTB
_hD658(B) L2
999 _c1251344
_d1251344